Statistics for USA States Capitals - COPY

Click here to take the quiz!

General Stats

  • This quiz has been taken 19 times
  • The average score is 39 of 50

Answer Stats

State Capital % Correct
CaliforniaSacramento
93%
AlaskaJuneau
93%
IdahoBoise
93%
DelawareDover
93%
MarylandAnnapolis
87%
MassachusettsBoston
87%
LouisianaBaton Rouge
87%
IndianaIndianapolis
87%
HawaiiHonolulu
87%
GeorgiaAtlanta
87%
OklahomaOklahoma City
87%
ArkansasLittle Rock
87%
ArizonaPhoenix
87%
South DakotaPierre
80%
OregonSalem
80%
TennesseeNashville
80%
TexasAustin
80%
MinnesotaSaint Paul
80%
UtahSalt Lake City
80%
AlabamaMontgomery
80%
KansasTopeka
80%
VirginiaRichmond
80%
WashingtonOlympia
80%
New YorkAlbany
80%
IowaDes Moines
80%
IlliniosSpringfield
80%
FloridaTallahassee
80%
WisconsinMadison
80%
ColoradoDenver
80%
PennsylvaniaHarrisburg
73%
North DakotaBismark
73%
WyomingCheyenne
73%
North CarolinaRaleigh
73%
NebraskaLincoln
73%
ConnecticutHartford
73%
MichiganLansing
73%
MississippiJackson
73%
New MexicoSanta Fe
73%
MissouriJefferson City
73%
NevadaCarson City
73%
South CarolinaColombia
67%
Rhode IslandProvidence
67%
New JerseyTrenton
67%
VermontMontpelier
67%
MaineAugusta
67%
KentuckyFrankfort
67%
West VirginiaCharleston
67%
MontanaHelena
67%
New HampshireConcord
60%
OhioColombus
53%

Score Distribution

Percentile by Number Answered

Percent of People with Each Score

Your Score History

You have not taken this quiz